LEADER 01893nas 2200565- 450 001 9910167556203321 005 20230518213020.0 011 $a1753-8386 035 $a(DE-599)ZDB2423896-X 035 $a(OCoLC)232607596 035 $a(CKB)1000000000366359 035 $a(CONSER)--2016207654 035 $a(EXLCZ)991000000000366359 100 $a20080625a20089999 s-- a 101 0 $aeng 135 $aur||||||||||| 181 $ctxt$2rdacontent 182 $cc$2rdamedia 183 $acr$2rdacarrier 200 00$aInternational journal of managing projects in business 210 1$a[Bingley, U.K.] :$cEmerald Group Publishing Limited,$d2008- 215 $avolumes ;$d25 cm 300 $aRefereed/Peer-reviewed 311 $a1753-8378 330 0 $aPublishes original, in-depth articles on the latest developments in project management, with a distinct focus on business; and international case studies identifying key implications for senior practitioners and managers of projects world-wide. 517 1 $aIJMPB 606 $aProject management$vPeriodicals 606 $aGestion de projet$vPériodiques 606 $aPublications périodiques$2eclas 606 $aGestion de projets$2eclas 606 $aAffaires$2eclas 606 $aProject management$2fast$3(OCoLC)fst01078797 608 $aPeriodicals.$2fast 615 0$aProject management 615 6$aGestion de projet 615 7$aPublications périodiques. 615 7$aGestion de projets. 615 7$aAffaires. 615 7$aProject management. 676 $a658.04 686 $a85.05$2bcl 686 $a100$2zdbs 686 $a650$a660$2zdbs 686 $a3,2$2ssgn 686 $aBIZ-01001$2skw 686 $awiw$2olc-ssg 906 $aJOURNAL 912 $a9910167556203321 996 $aInternational journal of managing projects in business$91759238 997 $aUNINA LEADER 01422oam 2200301z- 450 001 9910150494903321 010 $a1-78428-172-7 035 $a(CKB)3710000000944164 035 $a(VLeBooks)9781784281724 035 $a(EXLCZ)993710000000944164 100 $a20190224c2015uuuu -u- - 101 0 $aeng 200 $aMandala zentangle 210 $cArcturus 215 $a1 online resource (259 p.) 330 $aZentangle is the drawing art form taking the world by storm. Easy to do and immensely enjoyable, the Zentangle method can make artists of us all. To create artworks the Zentangle way, you need no drawing skills. The steps are easily taught in a few simple lessons In this follow up to her first book, the immensely successful Zentangle, Certified Zentangle Teacher Jane Marbaix explores the artistic possibilities of Zendalas and shows how beautiful and rewarding artworks can be created from the cosmic forms inherent in mandalas. The mandala-like imagery emphasizes the meditative and therapeutic nature of the Zentangle method. 606 $aDrawing 606 $aMandala in art 606 $aRepetitive patterns (Decorative arts) 615 0$aDrawing. 615 0$aMandala in art. 615 0$aRepetitive patterns (Decorative arts) 676 $a741.2 700 $aJane Marbaix$01744082 906 $aBOOK 912 $a9910150494903321 996 $aMandala zentangle$94173914 997 $aUNINA